Las aventuras de Marco Polo / (Record no. 171250)

MARC details
000 -CABECERA
campo de control de longitud fija 00800nam a2200229 u 4500
005 - FECHA Y HORA DE LA ÚLTIMA TRANSACCIÓN
campo de control 20210223132430.0
008 - ELEMENTOS DE LONGITUD FIJA--INFORMACIÓN GENERAL
campo de control de longitud fija 140826s2006 ea r 000 0 spa d
020 ## - NÚMERO INTERNACIONAL NORMALIZADO PARA LIBROS
Número Internacional Estándar del Libro 0736860541
035 ## - NÚMERO DE CONTROL DEL SISTEMA
Número de control de sistema UPN01000199149
049 ## - COLECCIÓN
Colección I
050 #4 - SIGNATURA TOPOGRÁFICA DE LA BIBLIOTECA DEL CONGRESO
Número de clasificación G370 P9
Número de documento/Ítem S6.2
100 1# - ASIENTO PRINCIPAL--NOMBRE PERSONAL
Nombre de persona Smalley, Roger
9 (RLIN) 36216
245 14 - MENCIÓN DE TÍTULO
Título Las aventuras de Marco Polo /
Mención de responsabilidad, etc. Roger Smalley ; il. Brian Bascle ; tr. Jessica S. Lilley.
260 ## - PUBLICACIÓN, DISTRIBUCIÓN, ETC.
Lugar de publicación, distribución, etc. Minnesota, E.U.A. :
Nombre del editor, distribuidor, etc. Capstone,
Fecha de publicación, distribución, etc. 2006.
300 ## - DESCRIPCIÓN FÍSICA
Extensión 32 p. :
Otras características físicas principalmente il. col.
440 #0 - MENCIÓN DE SERIE/ASIENTO SECUNDARIO--TÍTULO
Título Historia gráfica en español
600 14 - ASIENTO SECUNDARIO DE MATERIA - NOMBRE PERSONAL
Nombre de persona POLO, MARCO,
Fechas asociadas al nombre 1254-1324 -
Subdivisión de forma LITERATURA INFANTIL
9 (RLIN) 15199
650 #4 - ASIENTO SECUNDARIO DE MATERIA - TERMINO TEMATICO
Término de materia o nombre geográfico como elemento de entrada EXPLORADORES -
Subdivisión de forma LITERATURA INFANTIL
9 (RLIN) 11226
650 #4 - ASIENTO SECUNDARIO DE MATERIA - TERMINO TEMATICO
Término de materia o nombre geográfico como elemento de entrada VIAJES ALREDEDOR DEL MUNDO -
Subdivisión de forma LITERATURA INFANTIL
9 (RLIN) 10274
700 1# - ASIENTO SECUNDARIO--NOMBRE DE PERSONAL
Nombre de persona Bascle, Brian,
Término indicativo de función/relación il.
905 ## - TIPO DE MATERIAL
Tipo de material Infantil
Holdings
Estado de retiro Estado de pérdida Fuente del sistema de clasificación o colocación Estado dañado No para préstamo Código de colección Localización permanente Ubicación/localización actual Ubicación en estantería Fecha de adquisición Total de préstamos Clasificación Código de barras Fecha visto por última vez Número de copia Tipo de ítem Koha
    Library of Congress Classification     Infantil Bib. Gregorio Torres Quintero Bib. Gregorio Torres Quintero Sala infantil Planta baja 10/05/2023 1 G370 P9 S6.2 298138 31/12/2020 1 Libro